Koniec nízkej mzdovej kvóty na Slovensku?

Typickou charakteristikou vývoja slovenskej ekonomiky v minulosti bol nízky a ďalej klesajúci podiel miezd na celkových príjmoch (tzv. mzdová kvóta). Odborná literatúra ponúka celý rad vysvetlení, prečo je podiel miezd v štruktúre príjmov v niektorých krajinách nízky. A v slovenskej ekonomike všetky...

Descripción completa

Guardado en:
Detalles Bibliográficos
Autor principal: Morvay, Karol, 1973-
Formato: Capítulo de libro
Lenguaje:eslovaco
Materias:
Etiquetas: Agregar Etiqueta
Sin Etiquetas, Sea el primero en etiquetar este registro!

MARC

LEADER 00000nla a2200000 4500
001 0239170
005 20240502073855.3
041 0 |a slo 
044 |a SK 
245 1 0 |a Koniec nízkej mzdovej kvóty na Slovensku?  |c Karol Morvay 
520 |a Typickou charakteristikou vývoja slovenskej ekonomiky v minulosti bol nízky a ďalej klesajúci podiel miezd na celkových príjmoch (tzv. mzdová kvóta). Odborná literatúra ponúka celý rad vysvetlení, prečo je podiel miezd v štruktúre príjmov v niektorých krajinách nízky. A v slovenskej ekonomike všetky podstatné faktory prítomné naozaj boli. V posledných približne 4 rokoch sa však obraz mení. 
610 2 0 |a príjmy obyvateľstva 
610 2 0 |a mzdy 
610 2 0 |a zamestnanci 
610 2 0 |a mzdy tarifné 
610 2 0 |a odvody 
610 2 0 |a odmeny 
100 1 |a Morvay, Karol, 1973-